[Event "Olimpiade 2022 - Open"]
[Site "Chennai"]
[Date "03.08.2022"]
[Round "6.56"]
[Board "3"]
[White "Sakhawaty, Sepehr"]
[Black "Djabri, Massinas"]
[Result "0-1"]
[BlackTitle "FM"]
[WhiteElo "1809"]
[BlackElo "2206"]
[WhiteTeam "Afghanistan"]
[BlackTeam "Algeria"]
[WhiteFideId "11701455"]
[BlackFideId "7905726"]
[EventDate "2022.07.29"]

1. e4 c5 2. Nf3 d6 3. d4 cxd4 4. Nxd4 Nf6 5. Nc3 a6 6. Be2 e5 7. Nb3 Be7 8. Be3
Be6 9. Bf3 Nbd7 10. O-O b5 11. Nd5 Nxd5 12. exd5 Bf5 13. a4 Rc8 14. c3 b4 15.
Rc1 bxc3 16. bxc3 Bg5 17. Be2 Ra8 18. f4 exf4 19. Bxf4 Bxf4 20. Rxf4 Bg6 21. Bd3
O-O 22. Bxg6 hxg6 23. Nd4 Qg5 24. Qg4 Qxg4 25. Rxg4 Ne5 26. Re4 Rfc8 27. c4 Rxc4
28. Rxc4 Nxc4 29. Nc6 Nb6 30. Rd4 Re8 31. a5 Nd7 32. Kf2 g5 33. Rb4 Nc5 34. Rb6
Re4 35. Kf3 g4+ 36. Kf2 Ra4 37. Ne7+ Kh7 38. Nc8 Rxa5 39. Nxd6 Na4 40. Rb4 Rxd5
41. Nxf7 Nc5 42. Kg3 Kg8 43. Rf4 Ne6 44. Rf1 a5 45. Kxg4 a4 46. h4 a3 47. Ng5
Nxg5 48. hxg5 a2 49. Kh5 Ra5 50. Ra1 Kh7 51. g3 Ra4 52. g6+ Kg8 53. Kg5 Ra5+ 54.
Kf4 Kf8 55. g4 Ke7 56. g5 Kd6 57. Ke4 Ke6 58. Kf4 Ra4+ 59. Kg3 Kf5 60. Kh3 Kxg6
61. Kg3 Kxg5 62. Kh3 Kf4 63. Kg2 Ke3 64. Rh1 a1=Q 0-1

[Event "Olimpiade 2022 - Open"]
[Site "Chennai"]
[Date "03.08.2022"]
[Round "6.57"]
[Board "2"]
[White "Ayyad, Husain"]
[Black "Ahmad, Al Khatib"]
[Result "0-1"]
[WhiteTitle "FM"]
[BlackTitle "IM"]
[WhiteElo "2209"]
[BlackElo "2244"]
[WhiteTeam "Bahrain"]
[BlackTeam "Jordan"]
[WhiteFideId "11200243"]
[BlackFideId "8103178"]
[EventDate "2022.07.29"]

1. e4 c6 2. d4 d5 3. exd5 cxd5 4. Bd3 Nf6 5. h3 Nc6 6. c3 g6 7. Nf3 Bf5 8. Bxf5
gxf5 9. O-O e6 10. Bf4 Bd6 11. Bg5 Be7 12. Bxf6 Bxf6 13. Nbd2 Rg8 14. Qe2 Rg6
15. a4 Qd6 16. a5 Kf8 17. b4 Kg8 18. b5 Ne7 19. a6 b6 20. Rac1 Kh8 21. Ne5 Rg7
22. Kh1 Rag8 23. Ndf3 Bxe5 24. Qxe5 Qd7 25. c4 dxc4 26. Rxc4 Nd5 27. Rc6 f6 28.
Qxe6 Qxe6 29. Rxe6 Rxg2 30. Rd6 Nc3 31. Rxf6 Ne4 32. Rxf5 Nxf2+ 33. Rxf2 Rxf2
34. d5 Rg3 35. Nd4 Rxf5 36. Nxf5 Rb3 37. Nd6 Rc3 38. Nb7 Rxh3+ 39. Kg2 Rd3 40.
d6 Kg8 41. Kf2 Kf8 42. Nd8 Rxd6 43. Nc6 Rxc6 0-1

[Event "Olimpiade 2022 - Open"]
[Site "Chennai"]
[Date "03.08.2022"]
[Round "6.58"]
[Board "1"]
[White "Kulpruethanon, Thanadon"]
[Black "Al Thebaiti, Ahmed M"]
[Result "1-0"]
[WhiteTitle "FM"]
[BlackTitle "CM"]
[WhiteElo "2294"]
[BlackElo "1966"]
[WhiteTeam "Thailand"]
[BlackTeam "Saudi Arabia"]
[WhiteFideId "6201610"]
[BlackFideId "21502390"]
[EventDate "2022.07.29"]

1. d4 d5 2. c4 dxc4 3. e4 Nf6 4. e5 Nd5 5. Bxc4 Nb6 6. Bd3 Nc6 7. Be3 Nb4 8. Be4
f5 9. a3 N4d5 10. Bxd5 Qxd5 11. Nf3 Qb5 12. Nc3 Qxb2 13. Bd2 Bd7 14. Ra2 Ba4 15.
Rxb2 Bxd1 16. Nxd1 O-O-O 17. Rc2 e6 18. Bc1 h6 19. h4 Rd5 20. Ne3 Ra5 21. Rc3
Ra4 22. g3 Kd7 23. h5 Be7 24. Ke2 c6 25. Rb3 Rd8 26. Ng2 Ke8 27. Nf4 Kf7 28. Ng6
Rd5 29. Nxe7 Kxe7 30. Bd2 Rb5 31. Bb4+ Kf7 32. Rhb1 Nd5 33. Kf1 b6 34. Kg2 a6
35. Bd2 Ke8 36. Rxb5 cxb5 37. Bb4 Kf7 38. Nh4 a5 39. Bd6 Rxd4 40. Rxb5 f4 41.
Nf3 Rd3 42. g4 g5 43. Rb2 Rc3 44. Rd2 Rc4 45. Rd3 Rc2 46. Nd4 Rb2 47. Kf3 Rb1
48. Rd2 Rh1 49. Kg2 Rc1 50. Rc2 Rd1 51. Nf3 Rd3 52. Rc8 Rd1 53. Rf8+ Kg7 54. Rd8
Rd3 55. Rd7+ Kg8 56. Rb7 Rd1 57. Bc7 Rd3 58. a4 Rb3 59. Nd4 f3+ 60. Kg3 Rb4 61.
Nxe6 Rxa4 62. Bxb6 Re4 63. Bd4 Nf4 64. Kxf3 1-0

[Event "Olimpiade 2022 - Open"]
[Site "Chennai"]
[Date "03.08.2022"]
[Round "6.58"]
[Board "2"]
[White "Alharthi, Ahmed Mohammed A"]
[Black "Laohawirapap, Prin"]
[Result "1/2-1/2"]
[BlackTitle "CM"]
[WhiteElo "1935"]
[BlackElo "2230"]
[WhiteTeam "Saudi Arabia"]
[BlackTeam "Thailand"]
[WhiteFideId "21522642"]
[BlackFideId "6205003"]
[EventDate "2022.07.29"]

1. d4 Nf6 2. Bf4 g6 3. e3 Bg7 4. Nf3 O-O 5. c3 d6 6. h3 Nbd7 7. Be2 b6 8. O-O
Bb7 9. a4 a6 10. Qb3 Rb8 11. Rd1 Qe8 12. Na3 e5 13. dxe5 dxe5 14. Bh2 Qe7 15.
Qb4 Rfe8 16. Qxe7 Rxe7 17. Nc2 a5 18. Na3 Ne4 19. Bc4 Nd6 20. Bd5 Bxd5 21. Rxd5
f6 22. Nb5 Nxb5 23. axb5 Nc5 24. Ne1 Ree8 25. Nd3 Nxd3 26. Rxd3 Rbd8 27. Rad1
Rxd3 28. Rxd3 Bf8 29. Kf1 Bd6 30. e4 Kf7 31. f3 Ke6 32. Bg1 Ra8 33. c4 a4 34.
Be3 a3 35. bxa3 Bxa3 36. c5 bxc5 37. Rc3 Bb4 38. Rc1 Kd6 39. Rd1+ Ke6 40. Rc1
Kd6 41. Rd1+ Ke6 1/2-1/2

[Event "Olimpiade 2022 - Open"]
[Site "Chennai"]
[Date "03.08.2022"]
[Round "6.59"]
[Board "4"]
[White "Abdulkadir Mohamed Warsame"]
[Black "Ahmed Hassan Ahmed"]
[Result "1-0"]
[BlackTitle "CM"]
[WhiteElo "1820"]
[BlackElo "2114"]
[WhiteTeam "Somalia"]
[BlackTeam "Sudan"]
[WhiteFideId "16100913"]
[BlackFideId "12201588"]
[EventDate "2022.07.29"]

1. c4 b6 2. Nc3 e6 3. e4 Bb7 4. d4 Bb4 5. Bd3 f5 6. d5 fxe4 7. Bxe4 Qh4 8. Qd3
Nf6 9. Bf3 e5 10. Bd2 Na6 11. g3 Nc5 12. Qe2 Qd4 13. O-O-O Nd3+ 14. Kc2 e4 15.
Bxe4 Nxe4 16. Nf3 Qxc4 17. b3 Qc5 18. Qxe4+ Kd8 19. Qxd3 a5 20. Be3 Qf8 21. Na4
Ba6 22. Qe4 Qe8 23. Qxe8+ Rxe8 24. Nc3 d6 25. Nd4 Kd7 26. Ne6 Re7 27. h4 Bxc3
28. Kxc3 Be2 29. Nf4 Bf3 30. Rhe1 Bxd1 31. Rxd1 a4 32. Rd4 axb3 33. axb3 Ra1 34.
Ra4 Rxa4 35. bxa4 Re4 36. Kb3 c5 37. dxc6+ Kxc6 38. Ne2 Re5 39. Nc3 Re8 40. Kc4
Ra8 41. Kb4 Re8 42. Kc4 Ra8 43. g4 Ra5 44. h5 Ra8 45. f4 g6 46. hxg6 hxg6 47.
Kd4 Rh8 48. Nd5 Rh4 49. g5 Rh7 50. Kc4 Ra7 51. Nxb6 d5+ 52. Kd3 Rh7 53. a5 Rh1
54. Kd4 Re1 55. Nc8 Kd7 56. Nb6+ Kc6 57. Na4 Rd1+ 58. Ke5 Re1 59. Kd4 Ra1 60.
Nc3 Rxa5 61. Ke5 Ra3 62. Bd4 Ra8 63. f5 gxf5 64. Kxf5 Rf8+ 65. Kg4 Rb8 66. g6
Kd6 67. Kg5 Ke6 68. Ne2 Kd6 69. g7 Kc6 70. Kg6 Kb5 71. Kh7 Kc4 72. Bf6 Rb7 73.
Kh8 Rb6 74. g8=Q Rxf6 75. Qg7 Rf1 76. Qc3+ Kb5 77. Nd4+ Kb6 78. Qc6+ Ka7 79.
Nb5+ 1-0

[Event "Olimpiade 2022 - Open"]
[Site "Chennai"]
[Date "03.08.2022"]
[Round "6.60"]
[Board "1"]
[White "Michaelides, Konstantinos"]
[Black "Hinga, Githinji"]
[Result "1-0"]
[WhiteTitle "FM"]
[WhiteElo "2300"]
[BlackElo "1954"]
[WhiteTeam "Cyprus"]
[BlackTeam "Kenya"]
[WhiteFideId "5901871"]
[BlackFideId "10801006"]
[EventDate "2022.07.29"]

1. Nf3 Nf6 2. c4 c5 3. b3 b6 4. g3 Bb7 5. Bg2 e6 6. O-O Be7 7. Bb2 d6 8. d4 Nbd7
9. Nc3 a6 10. e3 Qc7 11. Rc1 Rc8 12. Qe2 Qb8 13. e4 Qa8 14. d5 e5 15. Nh4 g6 16.
f4 Nh5 17. Nf3 Bf6 18. Bh3 Rc7 19. Na4 Qd8 20. Bxd7+ Rxd7 21. fxe5 dxe5 22. Nxe5
Bxe5 23. Bxe5 O-O 24. Ba1 f6 25. Rf2 Rdf7 26. Rcf1 Qd6 27. e5 fxe5 28. Rxf7 Rxf7
29. Rxf7 Kxf7 30. Qxe5 1-0

[Event "Olimpiade 2022 - Open"]
[Site "Chennai"]
[Date "03.08.2022"]
[Round "6.60"]
[Board "2"]
[White "Mukoko, Isaac"]
[Black "Damianou, Ioannis"]
[Result "0-1"]
[BlackTitle "CM"]
[WhiteElo "1805"]
[BlackElo "2153"]
[WhiteTeam "Kenya"]
[BlackTeam "Cyprus"]
[WhiteFideId "10802576"]
[BlackFideId "5902355"]
[EventDate "2022.07.29"]

1. e4 c5 2. c3 d5 3. exd5 Qxd5 4. d4 g6 5. Nf3 Bg7 6. Be2 cxd4 7. cxd4 Nf6 8.
Nc3 Qa5 9. O-O O-O 10. Qb3 Nc6 11. Be3 Bf5 12. Qxb7 Rfc8 13. Qa6 Qd8 14. Rac1
Rab8 15. Qa3 Nb4 16. Bf4 Rb6 17. Nb5 Nc2 18. Qxa7 Nd5 19. Bc7 Rxc7 20. Nxc7 Rxb2
21. Nxd5 Qxd5 22. a4 Bxd4 23. Nxd4 Nxd4 24. Bc4 Qe4 25. Rc3 e6 26. Re3 Qf4 27.
Bb5 Rxf2 28. Rxf2 Qxe3 29. Qb8+ Kg7 30. Qg3 Qc1+ 31. Rf1 Qc5 32. Kh1 Nxb5 33.
axb5 Qxb5 34. Qc3+ f6 35. Ra1 g5 36. h3 Qb6 37. Qc8 Be4 38. Qd7+ Kh6 39. Ra7 Qf2
40. Qg7+ Kh5 41. Qf7+ Kh4 0-1

[Event "Olimpiade 2022 - Open"]
[Site "Chennai"]
[Date "03.08.2022"]
[Round "6.60"]
[Board "4"]
[White "Oluka Robert Mcligeyo"]
[Black "Antoniou, Rafail"]
[Result "0-1"]
[WhiteElo "1823"]
[BlackElo "1817"]
[WhiteTeam "Kenya"]
[BlackTeam "Cyprus"]
[WhiteFideId "10814647"]
[BlackFideId "5904390"]
[EventDate "2022.07.29"]

1. e4 c5 2. Nf3 e6 3. d4 cxd4 4. Nxd4 Nf6 5. Nc3 Nc6 6. Nxc6 bxc6 7. e5 Nd5 8.
Ne4 Qc7 9. f4 Qb6 10. c4 Bb4+ 11. Ke2 f5 12. Nf2 Ba6 13. Kf3 Ne7 14. Qa4 Bb7 15.
a3 Bc5 16. Nd3 Bd4 17. Bd2 c5+ 18. Kg3 a5 19. Be2 Be4 20. Bc3 Qc6 21. Qxc6 Nxc6
22. Nf2 Bc2 23. Bf3 Rb8 24. Bxc6 dxc6 25. Rac1 Bb3 26. Bxd4 cxd4 27. Nd3 Ke7 28.
Rhf1 c5 29. Nxc5 Rhc8 30. Nxb3 Rxb3+ 31. Rf3 Rxb2 32. Rd3 Ra2 33. Rb3 Rc7 34. c5
a4 35. Rd3 Rb2 36. Rc4 Rb3 37. Rxd4 Rxd3+ 38. Rxd3 Rxc5 39. Kh4 Rc2 40. Rg3 Kf7
41. Kh3 Rf2 42. Rf3 Rb2 43. g4 Rb3 44. Kg3 fxg4 45. Kxg4 h5+ 46. Kg3 Kg6 47. Kf2
Rxf3+ 48. Kxf3 Kf5 49. Kg3 g5 50. fxg5 Kxg5 51. h3 h4+ 52. Kf3 Kf5 53. Ke3 Kxe5
54. Ke2 Ke4 55. Kf2 Kd3 0-1

[Event "Olimpiade 2022 - Open"]
[Site "Chennai"]
[Date "03.08.2022"]
[Round "6.61"]
[Board "1"]
[White "De Gondo, Simplice Armel"]
[Black "Othman, A. Moussa"]
[Result "1/2-1/2"]
[WhiteTitle "FM"]
[BlackTitle "FM"]
[WhiteElo "2135"]
[BlackElo "2229"]
[WhiteTeam "Cote d'Ivoire"]
[BlackTeam "United Arab Emirates"]
[WhiteFideId "14306310"]
[BlackFideId "9300155"]
[EventDate "2022.07.29"]

1. e4 d6 2. d4 g6 3. Nc3 Bg7 4. Be3 c6 5. a4 Nf6 6. f3 Nbd7 7. Nge2 O-O 8. Qd2
e5 9. dxe5 Nxe5 10. Ng3 d5 11. Be2 dxe4 12. Qxd8 Rxd8 13. Ngxe4 Nxe4 14. Nxe4
Bf5 15. Kf2 Ng4+ 16. fxg4 Bxe4 17. c3 Re8 18. Rhd1 Bd5 19. Bf3 Be6 20. a5 a6 21.
Bb6 Re7 22. Re1 Bf6 23. Rad1 Ree8 24. Rd3 h6 25. g3 g5 26. Re2 Bd8 27. Bxd8
Raxd8 28. Red2 Rxd3 29. Rxd3 Kf8 30. b4 Ke7 31. Ke3 Bc4 32. Rd4 Kf6+ 33. Re4 Be6
34. c4 Rd8 35. Rd4 Re8 36. Kd3 Ke5 37. Re4+ Kd6 38. Kd4 Rd8 39. Be2 c5+ 40.
bxc5+ Kc6+ 41. Kc3 Kxc5 42. Bf3 b6 43. axb6 Kxb6 44. Re5 Rc8 45. Bd5 Rc5 46. Kd4
Bxd5 47. cxd5 Rc2 48. Rf5 Rd2+ 49. Kc4 Rc2+ 50. Kd4 Rd2+ 51. Kc4 Rc2+ 52. Kd4
Rd2+ 1/2-1/2

[Event "Olimpiade 2022 - Open"]
[Site "Chennai"]
[Date "03.08.2022"]
[Round "6.61"]
[Board "3"]
[White "Amako Marc Arnold"]
[Black "Mohamed, Saeed Laily"]
[Result "0-1"]
[BlackTitle "CM"]
[WhiteElo "1547"]
[BlackElo "2030"]
[WhiteTeam "Cote d'Ivoire"]
[BlackTeam "United Arab Emirates"]
[WhiteFideId "20802676"]
[BlackFideId "9314946"]
[EventDate "2022.07.29"]

1. e4 c6 2. d4 d5 3. e5 Bf5 4. h4 c5 5. dxc5 Nc6 6. Bb5 Qc7 7. Bf4 Rd8 8. b4 h5
9. Ne2 e6 10. Nd4 Ne7 11. Nd2 Ng6 12. Bxc6+ bxc6 13. Nxf5 exf5 14. Qf3 Be7 15.
Bg3 f4 16. Bxf4 Nxh4 17. Qg3 Nf5 18. Qd3 Qd7 19. Nf3 g6 20. g4 Ng7 21. gxh5 Nxh5
22. O-O-O a5 23. c3 axb4 24. cxb4 Qa7 25. a3 Ra8 26. e6 Qxa3+ 27. Qxa3 Rxa3 28.
exf7+ Kxf7 29. Ne5+ Kf6 30. Nxc6 Rha8 31. Be5+ Kf7 32. Bb2 Bg5+ 33. Kc2 Ra2 34.
Kb3 Bf6 35. Nd4 Nf4 36. Ra1 Rxb2+ 37. Kxb2 Bxd4+ 38. Kc2 Rxa1 39. Rh7+ Bg7 40.
c6 Ne6 41. Kb3 Nd4+ 42. Kb2 Nxc6+ 43. Rxg7+ Kxg7 44. Kxa1 Nxb4 45. Kb2 Nc6 46.
Kc3 Kf6 0-1

[Event "Olimpiade 2022 - Open"]
[Site "Chennai"]
[Date "03.08.2022"]
[Round "6.62"]
[Board "2"]
[White "Bobby Ballah"]
[Black "Thing, Bibek"]
[Result "0-1"]
[BlackTitle "CM"]
[WhiteElo "1916"]
[BlackElo "2260"]
[WhiteTeam "Liberia"]
[BlackTeam "Nepal"]
[WhiteFideId "22600531"]
[BlackFideId "12303135"]
[EventDate "2022.07.29"]

1. e4 c5 2. Nc3 g6 3. f4 Bg7 4. Nf3 a6 5. Bc4 b5 6. Bd5 Ra7 7. a3 c4 8. e5 e6 9.
Be4 d5 10. exd6 f5 11. O-O Qxd6 12. Qe2 Nf6 13. Qe3 Rc7 14. Ba8 Ng4 15. Qe2 Ra7
16. Bd5 O-O 17. h3 Nf6 18. Qe3 Rff7 19. Ne5 Nxd5 20. Nxf7 Rxf7 21. Nxd5 Qxd5 22.
c3 Bb7 23. Qg3 Nc6 24. a4 e5 25. d3 cxd3 26. axb5 Qxb5 27. fxe5 Nxe5 28. Rf2 Rd7
29. Be3 Nc4 30. Qb8+ Kf7 31. Bd4 d2 32. Re2 Be5 0-1

[Event "Olimpiade 2022 - Open"]
[Site "Chennai"]
[Date "03.08.2022"]
[Round "6.63"]
[Board "2"]
[White "Alegre, Fabio Costa"]
[Black "Gong Thon Gong"]
[Result "1/2-1/2"]
[WhiteElo "1809"]
[BlackElo "2176"]
[WhiteTeam "Sao Tome and Principe"]
[BlackTeam "South Sudan"]
[WhiteFideId "16900219"]
[BlackFideId "32500610"]
[EventDate "2022.07.29"]

1. c4 e5 2. Nc3 f5 3. g3 Nf6 4. Bg2 Bc5 5. e3 Nc6 6. Nge2 e4 7. O-O Ne5 8. d4
exd3 9. Nf4 Nxc4 10. Nxd3 Be7 11. b3 Nb6 12. a4 a5 13. h4 O-O 14. Nf4 c6 15. Bb2
d5 16. Qd4 Rf7 17. Rfd1 Bd7 18. Qd3 Ne4 19. Nce2 Bf6 20. Bd4 Nc8 21. Rac1 Ne7
22. Qb1 Ng6 23. Nd3 Qe7 24. Qb2 Nf8 25. Ne5 Bxe5 26. Bxe5 Re8 27. Bc7 Ra8 28.
Qa1 Ne6 29. Be5 N6c5 30. Rb1 Na6 31. Nf4 Nb4 32. Rbc1 Nc5 33. Rb1 Ne6 34. Nh3 h6
35. Rd2 Re8 36. Qb2 g5 37. hxg5 hxg5 38. f4 g4 39. Nf2 Nf8 40. Re1 Ng6 41. Bc3
Rh7 42. Bf6 Qf8 43. Nh1 Na6 44. Bg5 Nc5 45. Qc3 Rf7 46. Nf2 b6 47. Nd3 Ne6 48.
b4 axb4 49. Qxb4 Qxb4 50. Nxb4 Ra8 51. Rc1 Nxg5 52. fxg5 Ne5 53. Nxd5 cxd5 54.
Bxd5 Nf3+ 55. Bxf3 gxf3 56. Rb1 Bc6 57. Rxb6 Be4 58. Rb4 Rb7 59. Rxb7 Bxb7 60.
Rd4 Rc8 61. Rd2 Be4 62. Rd4 Rc2 63. g4 Rg2+ 64. Kf1 Rxg4 65. a5 Rg2 66. a6 Ra2
67. Rd6 Rxa6 68. Rxa6 Bd3+ 69. Kf2 Bxa6 70. Kxf3 Bb7+ 71. Kf4 Be4 72. g6 Kg7 73.
Kg5 Bb1 74. Kh5 Kf6 75. Kh6 Ba2 76. Kh5 Be6 77. Kh6 Ke5 78. Kh5 Ke4 79. Kg5 Kxe3
80. Kf6 f4 81. Kxe6 f3 82. g7 f2 83. g8=Q f1=Q 84. Qg5+ 1/2-1/2

[Event "Olimpiade 2022 - Open"]
[Site "Chennai"]
[Date "03.08.2022"]
[Round "6.64"]
[Board "1"]
[White "Paiva, Donaldo"]
[Black "Jimma, Desalegn Fekadu"]
[Result "1-0"]
[WhiteTitle "CM"]
[BlackTitle "CM"]
[WhiteElo "2191"]
[BlackElo "2112"]
[WhiteTeam "Mozambique"]
[BlackTeam "Ethiopia"]
[WhiteFideId "14800098"]
[BlackFideId "15700070"]
[EventDate "2022.07.29"]

1. d4 d5 2. c4 e6 3. Nf3 c6 4. Nc3 Nf6 5. e3 Bd6 6. Qc2 Nbd7 7. b3 O-O 8. Be2
dxc4 9. bxc4 c5 10. O-O a6 11. a4 Qc7 12. a5 Re8 13. d5 exd5 14. cxd5 Ne5 15. h3
Bd7 16. Nd2 c4 17. e4 Bb4 18. Ba3 Bxa5 19. d6 Qc6 20. f4 Nd3 21. e5 Bxc3 22.
Qxc3 Ne4 23. Nxe4 Qxe4 24. Bxd3 cxd3 25. Rae1 Qd5 26. Re3 Bb5 27. Rd1 Rec8 28.
Qb2 g6 29. f5 Re8 30. h4 f6 31. e6 Qxf5 32. Qb3 Qf4 33. Rdxd3 Bxd3 34. Rxd3 Qxh4
35. e7+ Kg7 36. Qe6 Rec8 37. d7 Rc2 38. e8=N+ Kh8 39. Qxf6+ Qxf6 40. Nxf6 b5 41.
Re3 Kg7 42. Re8 1-0

[Event "Olimpiade 2022 - Open"]
[Site "Chennai"]
[Date "03.08.2022"]
[Round "6.65"]
[Board "2"]
[White "Deng, Yu Dong Michael"]
[Black "Rodriguez Santiago, Jaime"]
[Result "1/2-1/2"]
[WhiteTitle "CM"]
[WhiteElo "2028"]
[BlackElo "2067"]
[WhiteTeam "Hong Kong"]
[BlackTeam "Puerto Rico"]
[WhiteFideId "6002420"]
[BlackFideId "3100898"]
[EventDate "2022.07.29"]

1. d4 d5 2. c4 c6 3. Nf3 Nf6 4. Nc3 e6 5. e3 Nbd7 6. Bd3 dxc4 7. Bxc4 b5 8. Bd3
Bb7 9. e4 a6 10. O-O Be7 11. e5 Nd5 12. Nxd5 cxd5 13. Be3 O-O 14. Nd2 g6 15. Bh6
Re8 16. f4 Qb6 17. Nf3 Nb8 18. g4 Nc6 19. Bc2 Nxd4 20. Nxd4 Bc5 21. Kg2 Bxd4 22.
Rb1 Be3 23. Qf3 Rac8 24. Bd3 d4 25. Be4 Bxe4 26. Qxe4 Qc6 27. Qxc6 Rxc6 28. h4
f6 29. exf6 Kf7 30. Bg5 h6 31. Bxh6 e5 32. Bg5 e4 33. f5 Bxg5 34. hxg5 gxf5 35.
Rxf5 d3 36. Rh1 Rc2+ 37. Kg3 d2 38. Rd5 e3 39. Rh7+ Ke6 40. Rhd7 e2 41. R5d6+ 1/2-1/2

[Event "Olimpiade 2022 - Open"]
[Site "Chennai"]
[Date "03.08.2022"]
[Round "6.67"]
[Board "2"]
[White "Miswadah, Baha"]
[Black "Pace, Colin"]
[Result "0-1"]
[BlackTitle "CM"]
[WhiteElo "1985"]
[BlackElo "2159"]
[WhiteTeam "Palestine"]
[BlackTeam "Malta"]
[WhiteFideId "11502118"]
[BlackFideId "5600189"]
[EventDate "2022.07.29"]

1. d4 f5 2. Bg5 h6 3. Bh4 g5 4. e4 Nf6 5. e5 e6 6. Bg3 f4 7. exf6 Qxf6 8. Bd3
fxg3 9. fxg3 Bg7 10. Nf3 Nc6 11. c3 Rf8 12. O-O Qe7 13. Na3 d5 14. Qe2 Bd7 15.
Bg6+ Kd8 16. Rae1 a6 17. Nc2 Qd6 18. b4 e5 19. Bh5 e4 20. Nd2 Rxf1+ 21. Rxf1 Be6
22. Nb3 b6 23. Ne3 Kd7 24. Bg4 Rf8 25. Nf5 Bxf5 26. Bxf5+ Ke7 27. Qxa6 h5 28. g4
Rh8 29. h3 Qg3 30. Qb7 Kd6 31. b5 Ne7 32. Nc5 Qxc3 33. Ne6 Bxd4+ 34. Nxd4 Qxd4+
35. Kh1 Qc4 36. Rd1 Nxf5 37. gxf5 Rf8 38. g4 hxg4 39. hxg4 Rh8+ 40. Kg1 Qc5+ 41.
Kg2 Qc2+ 42. Kg3 Qh2# 0-1

[Event "Olimpiade 2022 - Open"]
[Site "Chennai"]
[Date "03.08.2022"]
[Round "6.67"]
[Board "3"]
[White "Vella, Duncan"]
[Black "Isam, Gaith"]
[Result "1-0"]
[WhiteTitle "CM"]
[WhiteElo "1985"]
[BlackElo "1828"]
[WhiteTeam "Malta"]
[BlackTeam "Palestine"]
[WhiteFideId "5600243"]
[BlackFideId "11504463"]
[EventDate "2022.07.29"]

1. e4 e5 2. Nf3 Nc6 3. d4 exd4 4. Nxd4 Nf6 5. Nxc6 bxc6 6. e5 Qe7 7. Qe2 Nd5 8.
h4 f6 9. exf6 Nxf6 10. Bg5 Qxe2+ 11. Bxe2 Be7 12. Nc3 Bb7 13. O-O-O Nd5 14. Nxd5
Bxg5+ 15. hxg5 cxd5 16. Bd3 Ke7 17. Rxh7 Rxh7 18. Bxh7 Rf8 19. f3 c5 20. c3 a5
21. Kd2 Rh8 22. Bf5 Kd6 23. Re1 Bc6 24. Bg4 Rb8 25. Kc2 Ba4+ 26. b3 Bc6 27. f4
g6 28. Rh1 d4 29. Bf3 Bxf3 30. gxf3 Ke6 31. cxd4 cxd4 32. Rh7 Rc8+ 33. Kd3 Rc3+
34. Kxd4 Rxf3 35. Ke4 Rf2 36. Rg7 d5+ 37. Ke3 Rxa2 38. Rxg6+ Ke7 39. f5 Ra3 40.
Re6+ Kf8 41. Kd4 Rxb3 42. Kxd5 a4 43. Ra6 a3 44. Ke6 a2 45. Rxa2 Rb6+ 46. Ke5
Rb5+ 47. Kf4 Rb4+ 48. Kf3 Ke7 49. Ra7+ Kd6 50. f6 Ke6 51. Re7+ Kd6 52. g6 Rb1
53. Re2 Rf1+ 54. Rf2 Rg1 55. g7 Rg6 56. f7 1-0

[Event "Olimpiade 2022 - Open"]
[Site "Chennai"]
[Date "03.08.2022"]
[Round "6.67"]
[Board "4"]
[White "Seder, Mohamad"]
[Black "Mizzi, Jack"]
[Result "1-0"]
[WhiteElo "1950"]
[BlackElo "1913"]
[WhiteTeam "Palestine"]
[BlackTeam "Malta"]
[WhiteFideId "11505567"]
[BlackFideId "5602521"]
[EventDate "2022.07.29"]

1. e4 c6 2. Nf3 d5 3. Nc3 dxe4 4. Nxe4 Nf6 5. Nxf6+ exf6 6. d4 Bd6 7. Be2 O-O 8.
O-O Bg4 9. h3 Bh5 10. Be3 Nd7 11. c4 Re8 12. Re1 Qc7 13. Qd2 c5 14. Rad1 Rad8
15. Nh4 Bh2+ 16. Kh1 cxd4 17. Bxd4 Bf4 18. Qc2 Bxe2 19. Rxe2 Ne5 20. b3 Nc6 21.
Rxe8+ Rxe8 22. Nf3 Rd8 23. Bc3 Rxd1+ 24. Qxd1 Qd6 25. Qxd6 Bxd6 26. g4 Kf8 27.
Kg2 Bc5 28. Nd2 Bb4 29. Ne4 Bxc3 30. Nxc3 Ke7 31. Kf3 Kd6 32. Ke4 a5 33. f4 Ne7
34. a3 Nc6 35. Ne2 Kc5 36. Nc1 Kd6 37. Nd3 b6 38. b4 axb4 39. axb4 Ke6 40. b5
Na5 41. Kd4 Kd6 42. c5+ Kc7 43. c6 Kd6 44. Kc3 Nxc6 45. bxc6 Kxc6 46. Kc4 Kd6
47. Kd4 Kc6 48. Nb4+ Kd6 49. f5 b5 50. Nd5 Kc6 51. Nf4 b4 52. Nh5 Kb5 53. Kd3 g6
54. Nxf6 gxf5 55. Nxh7 fxg4 56. hxg4 Kc5 57. Ng5 Kd5 58. Nxf7 b3 59. g5 Ke6 60.
g6 1-0

[Event "Olimpiade 2022 - Open"]
[Site "Chennai"]
[Date "03.08.2022"]
[Round "6.68"]
[Board "1"]
[White "Martyr, Reginald"]
[Black "Chiwambo Stansford"]
[Result "1-0"]
[WhiteTitle "CM"]
[WhiteElo "2194"]
[BlackElo "1913"]
[WhiteTeam "Saint Lucia"]
[BlackTeam "Malawi"]
[WhiteFideId "7701810"]
[BlackFideId "20500530"]
[EventDate "2022.07.29"]

1. Nf3 d5 2. c4 e6 3. g3 Nf6 4. Bg2 Be7 5. O-O O-O 6. b3 Nbd7 7. Bb2 b6 8. Nc3
Bb7 9. e3 Re8 10. d4 Rc8 11. Qe2 c5 12. Rfc1 Qc7 13. dxc5 bxc5 14. cxd5 exd5 15.
Na4 Qb8 16. Rc2 a6 17. Rac1 Rc6 18. Ba3 Rec8 19. Bh3 R8c7 20. Bb2 Qf8 21. Ne5
Nxe5 22. Bxe5 Bd6 23. Bxf6 gxf6 24. Bd7 Qe7 25. Bxc6 Rxc6 26. Qg4+ Kf8 27. Qf5
c4 28. bxc4 dxc4 29. Rxc4 Rxc4 30. Rxc4 h5 31. Nb6 Be5 32. Nd7+ Ke8 33. Nxe5
fxe5 34. e4 Qd6 35. Qxh5 Kf8 36. Qe2 f5 37. Qf3 f4 38. gxf4 exf4 39. Qh5 Kg7 40.
Rc5 Bxe4 41. Qe5+ Qxe5 42. Rxe5 Bd3 43. Kg2 Kf6 44. Ra5 Be2 45. f3 Kg6 46. h4
Bb5 47. Kf2 Kh6 48. a4 Bd3 49. Rd5 Bc2 50. Rd4 1-0

[Event "Olimpiade 2022 - Open"]
[Site "Chennai"]
[Date "03.08.2022"]
[Round "6.71"]
[Board "1"]
[White "Aziz, Husain"]
[Black "Mohamed Ali Djama"]
[Result "1-0"]
[WhiteTitle "IM"]
[WhiteElo "2380"]
[BlackElo "1629"]
[WhiteTeam "Qatar"]
[BlackTeam "Djibouti"]
[WhiteFideId "12100293"]
[BlackFideId "8710651"]
[EventDate "2022.07.29"]

1. d4 Nf6 2. c4 e6 3. Nf3 d5 4. Nc3 Bb4 5. Qa4+ Nc6 6. e3 Ne4 7. Qc2 O-O 8. Bd3
f5 9. O-O Bxc3 10. bxc3 b6 11. Ba3 Rf6 12. cxd5 exd5 13. c4 Be6 14. Rac1 g5 15.
Bxe4 fxe4 16. Nxg5 Qd7 17. Nxe6 Qxe6 18. cxd5 Qxd5 19. Qc4 Rd8 20. f3 exf3 21.
Rxf3 Rg6 22. Rf8+ Kg7 23. Qxd5 Rxd5 24. Rc8 Rd7 25. d5 1-0